| 000 | 00672nam a22002177a 4500 | ||
|---|---|---|---|
| 005 | 20150625155730.0 | ||
| 008 | 140714b xxu||||| |||| 00| 0 Urdu d | ||
| 010 | _aUR-9111 | ||
| 020 | _c350.00 | ||
| 035 | _aU-7666 | ||
| 037 | _bDBAD | ||
| 040 |
_aDPL _bUrdu |
||
| 082 | _a 910.41 | ||
| 100 | _aمہيش پر شا د | ||
| 245 |
_aمير ی ا ير ا ن يا تر ا _cمہيش پر شا د |
||
| 246 | h |
_aMeri Iran Yatra _bBy Mahesh Parshad |
|
| 260 |
_bUrdu & PersianResearch Center _c2013 _aBihar |
||
| 270 |
_aGopal Pur,Bakergunj,Siwan, _bBihar _k+919839337979 _e - |
||
| 300 |
_a192ص _c22Cm (Hb) |
||
| 942 |
_2ddc _cUR _e _h 910.41 _mم ہ ے |
||
| 999 |
_c94509 _d94509 |
||